000 00477nam a2200169 i 4500
001 bg
100 1 _aPLATZ, Gustav Adolf
245 0 _aDie Baukunst der neuesten Zeit /
_cvon Gustav Adolf Platz.
260 _aBerlin :
_bPropyläen-Verlag,
_c1927.
300 _a607 s., 25 k. tabl. kolor. :
_bil. ;
_c27 cm.
650 9 _aArchitektura
_xhistoria
_y19-20 w.
040 _cBPK
041 _apol
080 _a72"18/19"
942 _cKS
008 s pl f |000 0 pol
999 _c7861
_d7861
856 _uhttp://koha.tu.koszalin.pl/cgi-bin/koha/opac-detail.pl?biblionumber=7861
_yKatalog online BPK